Teología del dolor de Dios / [por] Kazoh Kitamori ; tr. por Juan José Coy

Guardado en:
Detalles Bibliográficos
Autor principal: Kitamori, Kazoh (autor)
Formato: Libro
Colección:Verdad e imagen ; 39
Temas:
Etiquetas: Agrega una etiqueta
Sin etiquetas, Sé el primero en etiquetar este registro!

MARC

LEADER 00000nam^a2200000^u^4500
001 000538383
005 20250521000000.0
008 060220s1000^^^^^^^^^^^^r^^^^^000^0^spa^d
009 20260310131119.658
035 |a FMI 000004995 
037 |a Acervo Xavier Clavigero 
096 |a 5.2/21/B 
100 |a Kitamori, Kazoh  |e (autor) 
245 1 0 |a Teología del dolor de Dios / [por] Kazoh Kitamori ; tr. por Juan José Coy 
264 |a Salamanca : Sígueme, 1975 
300 |a 241 p. 
336 |a texto  |b txt  |2 rdacontenido 
337 |a sin mediación  |b n  |2 rdamedio 
338 |a volumen  |b nc  |2 rdasoporte 
440 0 |a Verdad e imagen ; 39 
597 |a Trad. del japonés ("Kami no itami no shingaku"). 
649 |a XX 
650 |a TRATADO SOBRE DIOS 
910 |a Fondo Francisco Migoya Covarrubias S.J. 
920 |a Impresos - Libros 
930 |a Fondos Especiales 
905 |a 134 
901 |a SBC16913  |b IT2  |c ESP  |u 20250521 
902 |a https://opac.biblio.iteso.mx/vufind/Record/000538383